Animals in The Jungle Book - Statistics

General Stats
  • This quiz has been taken 53 times
  • The average score is 10 of 23
Answer Stats
Hint Animal % Correct
Baloo bear
100%
Shere Khan tiger
100%
Bagheera leopard
90%
snake
90%
King Louie orangutan
69%
Bandar-log monkey
67%
bird
63%
Hathi elephant
63%
Akela wolf
63%
Kaa python
53%
Dizzy, Ziggy vulture
43%
Baloo sloth bear
35%
Rikki-Tikki-Tavi mongoose
33%
Nag, Thuu cobra
27%
Chuchundra muskrat
18%
Jacala crocodile
16%
Tabaqui jackal
12%
Mor/Mao peafowl
12%
Mysa, Rama water buffalo
12%
Mang bat
10%
Ikki/Sahi porcupine
10%
Chil kite
8%
Karait krait
6%
No matching quizzes found
Score Distribution
Percent of People with Each Score
Percentile by Number Answered
Your Score History
You have not taken this quiz